Rubio Escritura 5
Salvato in:
| Autore principale: | |
|---|---|
| Natura: | Libro |
| Lingua: | spagnolo |
| Pubblicazione: |
Valencia
Ediciones Técnicas Rubio
1984
|
| Catalogo: | MANES: Risultati della ricerca del catalogo della biblioteca |
| Libro di testo Classificazione: |
|
| Tags: |
Aggiungi Tag
Nessun Tag, puoi essere il primo ad aggiungerne!!
|
| Aggiunto a: | 2020-10-29 |
| Cambiato in: | 2025-05-07 |
MARC
| LEADER | 00000nam a22000007a 4500 | ||
|---|---|---|---|
| 005 | 20250507133405.0 | ||
| 008 | 201030b ||||| |||| 00| 0 spa d | ||
| 561 | |5 es-CICE |3 FMa/EL276 |a España. Centro Internacional de la Cultura Escolar |k MANES | ||
| 999 | |c 90751 |d 90751 | ||
| 040 | |a centro_manes |c Centro_internacional de la cultura escolar | ||
| 100 | |9 34743 |a Rubio Silvestre, Ramón | ||
| 245 | |a Rubio Escritura 5 | ||
| 260 | |a Valencia |b Ediciones Técnicas Rubio |c 1984 | ||
| 300 | |a 20 p. |c 21.5 x 15 cm | ||
| 500 | |a Cuadernillo con ejercicios de caligrafía | ||
| 546 | |a España | ||
| 690 | 0 | |a EyL | |
| 691 | 0 | |a IN | |
| 942 | |2 ddc |c BK | ||
| 999 | |c manes:90751 |d 90751 | ||